Economic efficiency and social welfare /

Bibliographic Details
Main Author: Macfie, A. L.
Format: Book
Language:English
Published: London, New York : Oxford University Press, 1943.
Subjects:

MARC

Tag First Indicator Second Indicator Subfields
LEADER 00000cam a2200000 4500
001 in00000059251
005 20151008051545.0
008 751122s1943 enk b 00110 eng
010 |a  43008263  
035 |a (OCoLC)01848358 
035 |9 AAG8650AM 
040 |a DLC  |c DAY  |d TXA  |d UtOrBLW 
049 |a TXAM  |c [135069] 
050 0 |a HB72  |b .M2 
082 0 |a 330.1 
092 |a 330.1  |b M144e 
100 1 |a Macfie, A. L. 
245 1 0 |a Economic efficiency and social welfare /  |c by Alec L. Macfie; with a foreword by Frank H. Knight. 
264 1 |a London,  |a New York :  |b Oxford University Press,  |c 1943. 
300 |a xi, 142 pages ;  |c 22 cm. 
336 |a text  |b txt  |2 rdacontent 
337 |a unmediated  |b n  |2 rdamedia 
338 |a volume  |b nc  |2 rdacarrier 
500 |a Bibliographical footnotes. 
650 0 |a Economics. 
650 0 |a Sociology. 
650 0 |a Social problems. 
999 |a MARS 
999 f f |s 5352d97f-addf-3713-8a16-38603a56adbe  |i 1223f73c-0dcf-39b8-9dfd-2bb7be419fc0  |t 0 
952 f f |p ric  |a Texas A&M University  |b Rellis Campus  |c Joint Library Facility  |d Remote Storage  |t 0  |e HB72 .M2  |h Library of Congress classification  |i unmediated -- volume  |m A14800690860 
998 f f |a HB72 .M2  |t 0  |l Remote Storage